| 000 | 00472nam a2200181Ia 4500 | ||
|---|---|---|---|
| 008 | 240510s9999 xx 000 0 und d | ||
| 020 | _a9789556560824 | ||
| 041 | _asih | ||
| 082 | _a891.483 | ||
| 082 | _bS81 | ||
| 100 | _aSWARUP, Vikas : Translator : GUNAWARDENA, Chandrasekara | ||
| 245 | 0 | _aKotipathiyaku Wu Weedi Daruwa : Slumdog Millionaire | |
| 260 | _bColombo : Sooriya Publishing | ||
| 260 | _c2008 | ||
| 300 | _a297 p. | ||
| 942 | _2ddc | ||
| 942 | _cLBK | ||
| 999 |
_c28268 _d28268 |
||
| 945 |
_a1 _bMadushi Gamage _c1 _dMadushi Gamage |
||